| 000 | 00744nam a22002177a 4500 | ||
|---|---|---|---|
| 999 |
_c4174 _d4174 |
||
| 003 | AR-CdUCM | ||
| 008 | 190308b ||||| |||| 00| 0 eps d | ||
| 040 |
_aMUNICIPALIDAD PROVINCIAL DEL CUSCO _cBIBLIOTECA MUNICIPAL DEL CUSCO |
||
| 082 |
_29 ed. _a895.4 / _bT12 |
||
| 100 |
_aTagore, Rabindranaz _91567 |
||
| 245 | _aObra Escojida / | ||
| 260 |
_aEspaña : _bEdic.Aguilar, _c1966. |
||
| 300 |
_a1305 paginas ; _c17 cm. |
||
| 440 |
_aBiblioteca Premios Novel _91494 |
||
| 505 | _aContenido :Nota de contenido formateada Lírica breve -- Teatro -- Cuento -- Aforismo -- Escuela | ||
| 650 |
_aLiteratura Universal _9611 |
||
| 650 |
_aPremios Nobel _96919 |
||
| 650 |
_aAutores hindues (Tagore) _913224 |
||
| 942 |
_2ddc _cLIBROS |
||
| 945 | _arjall | ||